| 000 | 01377nam a2200229Ia 4500 | ||
|---|---|---|---|
| 003 | Ost | ||
| 005 | 20260507075747.0 | ||
| 008 | 260507s9999||||xx |||||||||||||| ||und|| | ||
| 020 | _a2060609961 | ||
| 040 | _cfsecg | ||
| 041 | _aara | ||
| 082 | _a330 | ||
| 100 |
_aصخري، محمد _eمؤلف |
||
| 245 | 0 |
_aإقتصاد المؤسسة / _c محمد صخري |
|
| 250 | _aطبعة 5 | ||
| 260 |
_aالجزائر: _bديوان المطبوعات الجامعية, _c2007 |
||
| 300 |
_a146 صفحة؛ _bإيضاحات ؛ _c23 سم |
||
| 520 | _aماهية ومفهوم الإقتصاد وإقتصاد المؤسسة وبعض المفاهيم الاساسية- القضايا الإقتصادية الاساسية وأساليب معالجتها- ماهية ومفهوم المؤسسة الإقتصادية وأنواعها وخصائصها- تنظيم المؤسسة وإدارتها- رأسمال المؤسسة- نظرية الإنتاج- تكاليف الإنتاج في المؤسسة- التخزين وتحديد حجمه- تقدير مبيعات المؤسسة- تخطيط القوة العاملة- التنظيم المالي للمؤسسة- بعض مؤشرات فعالية أو أداء المؤسسة الإنتاجية والعوامل المؤثرة فيها. | ||
| 653 | _aإقتصاد المؤسسة | ||
| 653 | _aالإقتصاد | ||
| 942 | _cكتاب | ||
| 999 |
_c46208 _d46208 |
||